000 00710nam a2200241 i 4500
001 179948
003 ES-MaACL
005 20230927172755.0
008 120306s2006 sp |||| | spa d
020 _a84-96379-67-1
080 _a821.134.2-84"19"
100 1 _aVila, José (
_qVila Manzanal)
_9149522
245 1 0 _aPerlas /
_cJosé Vila.
250 _a1ª ed.
260 _aMadrid :
_bSlovento,
_c2006.
300 _a141 p. ;
_c21 cm.
490 1 _aEnsayo
830 0 _aEnsayo
_9177699
852 _aES-MaACL
_jA-12006
_9186853
_bR.146919
_cDEPO1
_dOlim: N-5011
_xDonación: José Vila
903 _9149522
_aVila, José (
_qVila Manzanal)
_ednr
942 _2udc
_cMONOGRAFIA
999 _c179948
_d179948